Normal view MARC view
  • Shafi, Uferah

Entry Personal Name

Number of records used in: 2

001 - CONTROL NUMBER

  • control field: 123748

003 - CONTROL NUMBER IDENTIFIER

  • control field: NUST

005 - DATE AND TIME OF LATEST TRANSACTION

  • control field: 20240624135453.0

008 - FIXED-LENGTH DATA ELEMENTS

  • fixed length control field: 240624|| aca||aabn | a|a d

040 ## - CATALOGING SOURCE

  • Original cataloging agency: NUST
  • Transcribing agency: NUST

100 ## - HEADING--PERSONAL NAME

  • Personal name: Shafi, Uferah

670 ## - SOURCE DATA FOUND

  • Source citation: Work cat.: (NUST): Shafi, Uferah, An Integrated Approach for Agricultural Monitoring based on Internet of Things (IoT), Remote Sensing and Deep Learning/
© 2023 Central Library, National University of Sciences and Technology. All Rights Reserved.